<La> Medición de la Productividad Total en la Economia de Puerto Rica

Salvato in:
Dettagli Bibliografici
Autore principale: Ruíz, Angel Luis
Altri autori: Zalacaín, Fernando
Natura: Libro
Lingua:spagnolo
Pubblicazione: México Colegio Nacional de Economistas 1980
Tags: Aggiungi Tag
Nessun Tag, puoi essere il primo ad aggiungerne!!

MARC

LEADER 00000nam a2200000 4500
001 c140556
005 20041019155319.3
041 0 |a spa 
044 |a MX 
245 1 0 |a <La> Medición de la Productividad Total en la Economia de Puerto Rica  |c Angel Luis Ruíz, Fernando Zalacaín 
264 1 |a México  |b Colegio Nacional de Economistas  |c 1980 
300 |a 21 s. 
100 1 |a Ruíz, Angel Luis 
700 1 |a Zalacaín, Fernando